| 000 | 00609cam a22001571 4500 | ||
|---|---|---|---|
| 082 | 0 | 0 |
_a301 _bHAM |
| 100 | 1 |
_aHamilton, Edith, _949245 |
|
| 245 | 1 | 4 | _aThe Greek way to western civilization. |
| 260 |
_a[New York] _bNew American Library _c[1948] |
||
| 300 |
_a190 p. _c18 cm. |
||
| 490 | 0 | _aMentor books, | |
| 500 | _a"Includes the material published in 1960 ... under the title The Greek way, and the additional material published in 1942 in The great age of Greek literature." | ||
| 526 |
_a0 _b0 _c0 _d301_000000000000000_HAM |
||
| 650 | 0 |
_aGreek literature _xHistory and criticism. _949246 |
|
| 942 |
_2ddc _cBK |
||
| 999 |
_c552054 _d552054 |
||